00462cam a2200181 a 4500001000800000005001700008008004100025010001700066020001500083035002000098040001600118041000800134080001500142082001900157100000700176101000800183245008900191310638720180111051050.0990423s1999 nyua 001 0 eng d a 99216577  a1564202224 a(OCoLC)41242859 aArcArdDLC aeng a428.24 ZWI00a428.24 ZWI2211 a46 aEDU10aEnglish for everyday activities :cLawrence J. Zwier ; [illustrations, Nozumi Kudo].